[Event "V C.to Unione Europea"]
[Site "Arvier ITA"]
[Date "2010.09.08"]
[Round "5"]
[White "De Leeuw, Johannes"]
[Black "Pepino, Enrico"]
[Result "0-1"]
[WhiteElo "1882"]
[BlackElo "2205"]
[PlyCount "126"]
[EventDate "2010.09.04"]

1. e4 d6 2. d4 Nf6 3. Bd3 g6 4. Nf3 Bg7 5. c3 O-O 6. Be3 Nc6 7. O-O e5 8. dxe5
Nxe5 9. Nxe5 dxe5 10. f3 Nh5 11. Bc4 Qf6 12. Qc1 Nf4 13. Bxf4 exf4 14. Na3 a5
15. Rd1 a4 16. Qd2 Ra5 17. Qf2 c6 18. Rd2 Re8 19. Rad1 Bf8 20. Kh1 Rh5 21. Nc2
a3 22. bxa3 Qxc3 23. Qd4 Qxd4 24. Rxd4 Be7 25. a4 Kf8 26. Bb3 Ra5 27. Ne1 h5
28. Nd3 g5 29. Nb2 Bf6 30. Nc4 Bxd4 31. Nxa5 Bb6 32. Nc4 Bc7 33. Nd6 Bxd6 34.
Rxd6 Be6 35. Kg1 Ke7 36. Rd2 Rd8 37. Rb2 Bc8 38. Kf2 f6 39. h3 Kd6 40. Ke2 Kc7
41. a5 Bd7 42. Rc2 Ra8 43. h4 Rxa5 44. hxg5 Rxg5 45. Kf2 b6 46. Rc1 h4 47. Rh1
Rh5 48. Rc1 b5 49. a4 b4 50. Bf7 Rh7 51. Bg8 Rh8 52. Bb3 Kb6 53. Rd1 Kc7 54.
Rc1 Kd6 55. Rd1+ Ke7 56. Rc1 Rc8 57. a5 c5 58. a6 Be6 59. Bxe6 Kxe6 60. a7 Kd6
61. Ra1 Ra8 62. Ke2 Kc6 63. Ra6+ Kb5 0-1

[Event "V C.to Unione Europea"]
[Site "Arvier ITA"]
[Date "2010.09.08"]
[Round "5"]
[White "Delaney, John"]
[Black "Llanes Hurtado, Miguel"]
[Result "0-1"]
[WhiteElo "2220"]
[BlackElo "2474"]
[PlyCount "86"]
[EventDate "2010.09.04"]

1. e4 e6 2. d4 d5 3. Nc3 Nf6 4. e5 Nfd7 5. f4 c5 6. Nf3 Nc6 7. Be3 Be7 8. Qd2
O-O 9. g3 Qa5 10. Be2 a6 11. O-O b5 12. Kg2 Bb7 13. Rad1 b4 14. Nb1 Qxa2 15. b3
cxd4 16. Nxd4 Nxd4 17. Bxd4 f5 18. Na3 bxa3 19. Ra1 Qxa1 20. Rxa1 a5 21. g4 Nc5
22. gxf5 Ne4 23. Qe3 exf5 24. Bf3 Rac8 25. c3 Rc6 26. Rc1 g5 27. Bxe4 fxe4 28.
f5 Rxf5 29. Rf1 Rxf1 30. Kxf1 a4 31. bxa4 Ba6+ 32. c4 Rxc4 33. Ke1 a2 34. Ba1
h6 35. Qb6 Rc1+ 36. Kd2 Rxa1 37. Qg6+ Kf8 38. Qxh6+ Ke8 39. Qc6+ Kf8 40. Qxd5
Kg7 41. Qd4 Rf1 42. Qa7 Kf7 43. e6+ Kg6 0-1

[Event "V C.to Unione Europea"]
[Site "Arvier ITA"]
[Date "2010.09.08"]
[Round "5"]
[White "Frank, Albert"]
[Black "Vozza, Nicola"]
[Result "0-1"]
[WhiteElo "1923"]
[BlackElo "1911"]
[PlyCount "82"]
[EventDate "2010.09.04"]

1. Nf3 e6 2. e4 d5 3. Nc3 Nf6 4. e5 Nfd7 5. b3 c5 6. Bb5 a6 7. Bxd7+ Bxd7 8.
O-O Be7 9. Re1 O-O 10. d4 Nc6 11. dxc5 Bxc5 12. Na4 Ba7 13. Ba3 Re8 14. Bc5 b6
15. Be3 Ne7 16. Nb2 Nf5 17. Bg5 Qc7 18. c4 Bc6 19. cxd5 Bxd5 20. Rc1 Qb7 21.
Nd3 h6 22. Bf4 Rac8 23. Nb4 Rxc1 24. Bxc1 Bxf3 25. Qxf3 Qxf3 26. gxf3 Nh4 27.
Rd1 Nxf3+ 28. Kg2 Nxe5 29. f4 a5 30. fxe5 axb4 31. Rd7 Bb8 32. Bf4 Rc8 33. Rb7
Bc7 34. Kf3 Kf8 35. Ke4 Ke8 36. Bd2 f5+ 37. exf6 gxf6 38. Bxb4 Kd7 39. a4 Ra8
40. a5 f5+ 41. Kd3 Kc6 0-1

[Event "V C.to Unione Europea"]
[Site "Arvier ITA"]
[Date "2010.09.08"]
[Round "5"]
[White "Gallucci, Alessio"]
[Black "Caprio, Guido"]
[Result "1/2-1/2"]
[WhiteElo "2144"]
[BlackElo "2265"]
[PlyCount "121"]
[EventDate "2010.09.04"]

1. e4 c5 2. Nf3 d6 3. d4 cxd4 4. Nxd4 Nf6 5. Nc3 a6 6. Bg5 e6 7. f4 Qb6 8. Qd2
Nc6 9. O-O-O Qxd4 10. Qxd4 Nxd4 11. Rxd4 Bd7 12. Be2 Bc6 13. Bf3 Nd7 14. f5 Ne5
15. fxe6 fxe6 16. Rhd1 Nf7 17. Bh4 g5 18. Bg3 h5 19. h3 Rd8 20. R4d3 Be7 21.
Ne2 Bf6 22. e5 Bxf3 23. gxf3 Bxe5 24. Bxe5 dxe5 25. Ng3 Ke7 26. Ne4 Rxd3 27.
Rxd3 Rc8 28. Rb3 b5 29. a4 Nd6 30. Nxg5 Kf6 31. h4 Rc4 32. axb5 Rxh4 33. Ne4+
Nxe4 34. fxe4 axb5 35. Rxb5 Rxe4 36. Rb8 h4 37. b4 h3 38. Rh8 Rxb4 39. Rxh3 e4
40. Kd2 Rc4 41. Rh8 Ke5 42. Ra8 Rc5 43. Rb8 Kf4 44. Rf8+ Rf5 45. Re8 Rf6 46.
Rh8 e3+ 47. Ke2 Ke4 48. Rh4+ Rf4 49. Rxf4+ Kxf4 50. c4 Ke4 51. c5 Kd5 52. Kxe3
Kxc5 53. Ke4 Kd6 54. Kd4 e5+ 55. Ke3 Kd5 56. Kd3 e4+ 57. Ke2 Kd4 58. Kd2 e3+
59. Ke2 Ke4 60. Ke1 e2 61. Kxe2 1/2-1/2

[Event "V C.to Unione Europea"]
[Site "Arvier ITA"]
[Date "2010.09.08"]
[Round "5"]
[White "Grant, Jonathan I.M."]
[Black "Batoni, Fabrizio"]
[Result "1-0"]
[WhiteElo "2210"]
[BlackElo "1910"]
[PlyCount "47"]
[EventDate "2010.09.04"]

1. c4 e5 2. g3 f5 3. Bg2 Nf6 4. Nf3 d6 5. O-O Be7 6. Nc3 O-O 7. d4 Nc6 8. Rb1
a5 9. a3 Qe8 10. Nd5 Nxd5 11. cxd5 Nxd4 12. Nxd4 exd4 13. Qxd4 Qg6 14. Bd2 Bd7
15. Qc4 Rfc8 16. Rbc1 Qg4 17. Qd3 c5 18. dxc6 Bxc6 19. Bxc6 bxc6 20. Rxc6 Rf8
21. Rc4 Qh5 22. Rfc1 d5 23. Qxd5+ Kh8 24. Qxa8 1-0

[Event "V C.to Unione Europea"]
[Site "Arvier ITA"]
[Date "2010.09.08"]
[Round "5"]
[White "Mazzetta, Renato"]
[Black "Bisi, Samuele"]
[Result "1/2-1/2"]
[WhiteElo "1920"]
[BlackElo "1829"]
[PlyCount "117"]
[EventDate "2010.09.04"]

1. e4 e5 2. Nc3 Nf6 3. g3 d5 4. exd5 Nxd5 5. Bg2 Nxc3 6. bxc3 Bd6 7. Nf3 O-O 8.
O-O c6 9. d3 Be6 10. Re1 Nd7 11. c4 f6 12. Rb1 Qc7 13. Bd2 Rfe8 14. Bb4 Bxb4
15. Rxb4 Rad8 16. Qe2 Bg4 17. h3 Bh5 18. g4 Bf7 19. Nh4 Nc5 20. Be4 Ne6 21.
Reb1 Nd4 22. Qd1 b6 23. a4 Ne6 24. a5 Ng5 25. Bg2 e4 26. axb6 axb6 27. Rxb6
exd3 28. cxd3 Bxc4 29. Rb7 Qf4 30. Nf5 Bxd3 31. Qb3+ Kh8 32. Rd1 Re2 33. Qb6
Ree8 34. Re7 Nf3+ 35. Bxf3 Qxf3 36. Rxd3 Qxd3 37. Qc7 Rxe7 38. Qxe7 Qd7 39. Qa3
g6 40. Ne3 Kg7 41. Kg2 Rc8 42. Qc5 Re8 43. Kg3 Re5 44. Qc3 c5 45. h4 Qd4 46.
Qa3 c4 47. h5 c3 48. h6+ Kf7 49. Qb3+ Kf8 50. Qb8+ Re8 51. Qb7 Qe5+ 52. Kg2 Qe7
53. Qc6 Qe5 54. Qb7 Re7 55. Qc8+ Kf7 56. Qh8 Ke6 57. Qc8+ Rd7 58. Qe8+ Re7 59.
Qc8+ 1/2-1/2

[Event "V C.to Unione Europea"]
[Site "Arvier ITA"]
[Date "2010.09.08"]
[Round "5"]
[White "Messina, Roberta"]
[Black "Melone, Antonio"]
[Result "1-0"]
[WhiteElo "1890"]
[BlackElo "2016"]
[PlyCount "85"]
[EventDate "2010.09.04"]

1. e4 c6 2. d4 d5 3. exd5 cxd5 4. c4 Nf6 5. Nc3 Nc6 6. Nf3 Bg4 7. cxd5 Nxd5 8.
Bc4 e6 9. O-O Nb6 10. Be2 Be7 11. Be3 O-O 12. Qd2 Nd5 13. Rac1 Rc8 14. h3 Bh5
15. Nxd5 Qxd5 16. Bc4 Qd8 17. Ne5 Bb4 18. Qd3 Ne7 19. Qe4 Nd5 20. a3 Be7 21.
Ba2 f5 22. Qd3 Rxc1 23. Bxc1 f4 24. Bb1 g6 25. g3 fxg3 26. fxg3 Rxf1+ 27. Qxf1
Nf6 28. Qd3 Qc7 29. Bh6 Bc5 30. dxc5 Qxc5+ 31. Qe3 Qd5 32. Bc2 Bd1 33. Bd3 b6
34. Bc4 Qd6 35. Nd3 Nd5 36. Bxd5 Qxd5 37. Qe5 Kf7 38. Qxd5 exd5 39. Kf2 Kf6 40.
Bf4 Ke6 41. Ke3 h5 42. Bb8 a6 43. Nf4+ 1-0

[Event "V C.to Unione Europea"]
[Site "Arvier ITA"]
[Date "2010.09.08"]
[Round "5"]
[White "Ortega, Lexy"]
[Black "Brunello, Sabino"]
[Result "0-1"]
[WhiteElo "2473"]
[BlackElo "2497"]
[PlyCount "82"]
[EventDate "2010.09.04"]

1. d4 Nf6 2. Nf3 e6 3. c4 b6 4. g3 Bb7 5. Bg2 Be7 6. Nc3 O-O 7. Qc2 Na6 8. O-O
d5 9. Ne5 c6 10. Rd1 Nd7 11. a3 Nxe5 12. dxe5 Qc7 13. b4 Qxe5 14. Bf4 Qf6 15.
e4 g5 16. Be3 Rac8 17. f4 Rfd8 18. Bd4 Qh6 19. exd5 cxd5 20. cxd5 Bxd5 21. Bxd5
Rxd5 22. Rac1 Rdd8 23. Qe2 Nc7 24. Be5 Ne8 25. Ne4 Rxc1 26. Rxc1 gxf4 27. gxf4
f6 28. Bb2 Kf7 29. Rf1 Qg6+ 30. Kh1 Nd6 31. Nxd6+ Rxd6 32. f5 Qh6 33. Bc1 Qh3
34. Bf4 e5 35. Qc4+ Kf8 36. Bh6+ Ke8 37. Qb5+ Kd8 38. Bc1 Rd3 39. Re1 Qf3+ 40.
Kg1 Qg4+ 41. Kh1 Rd1 0-1

[Event "V C.to Unione Europea"]
[Site "Arvier ITA"]
[Date "2010.09.08"]
[Round "5"]
[White "Ricci, Marco"]
[Black "Cattaneo, Roger"]
[Result "1-0"]
[WhiteElo "2081"]
[BlackElo "1748"]
[PlyCount "39"]
[EventDate "2010.09.04"]

1. e4 c5 2. Nf3 Nc6 3. d4 cxd4 4. Nxd4 g6 5. Be3 Nf6 6. Nc3 Bg7 7. Be2 O-O 8.
Qd2 d5 9. exd5 Nxd5 10. Nxd5 Qxd5 11. Bf3 Qd6 12. Nxc6 Qxd2+ 13. Bxd2 bxc6 14.
O-O-O Rb8 15. b3 Bf5 16. Rhe1 Rfe8 17. Bxc6 Rec8 18. Be4 Rxc2+ 19. Kxc2 Rc8+
20. Kb1 1-0

[Event "V C.to Unione Europea"]
[Site "Arvier ITA"]
[Date "2010.09.09"]
[Round "6"]
[White "Baloire, Endy"]
[Black "Barletta, Mauro"]
[Result "0-1"]
[WhiteElo "1953"]
[BlackElo "2211"]
[PlyCount "40"]
[EventDate "2010.09.04"]

1. d4 d5 2. c4 e5 3. dxe5 d4 4. Nf3 Nc6 5. Nbd2 f6 6. exf6 Nxf6 7. a3 Bg4 8. h3
Bh5 9. Nb3 Qe7 10. g4 Bg6 11. Bg2 d3 12. e3 O-O-O 13. Nbd2 Ne4 14. Nxe4 Bxe4
15. Bd2 Nd4 16. Kf1 Nc2 17. Rc1 h5 18. g5 h4 19. Bc3 Rh5 20. Rg1 d2 0-1

[Event "V C.to Unione Europea"]
[Site "Arvier ITA"]
[Date "2010.09.09"]
[Round "6"]
[White "Batoni, Fabrizio"]
[Black "Cattaneo, Roger"]
[Result "1-0"]
[WhiteElo "1910"]
[BlackElo "1748"]
[PlyCount "67"]
[EventDate "2010.09.04"]

1. e4 c5 2. c3 e5 3. d4 cxd4 4. cxd4 Bb4+ 5. Bd2 Qa5 6. dxe5 Bxd2+ 7. Qxd2 Qxe5
8. Nc3 Nc6 9. Nf3 Qe7 10. Bc4 Nf6 11. O-O O-O 12. Rfe1 d6 13. b3 Ne5 14. Be2
Re8 15. Nd4 Nc6 16. Nxc6 bxc6 17. Bd3 Bb7 18. Qg5 h6 19. Qh4 Qc7 20. Rac1 Qa5
21. Re3 Qh5 22. Qf4 Qe5 23. Qh4 Qh5 24. Qg3 Qa5 25. f4 Ba6 26. Bb1 Rab8 27. e5
dxe5 28. fxe5 Nd5 29. Nxd5 cxd5 30. e6 Qb6 31. exf7+ Kxf7 32. Rc7+ Qxc7 33.
Qxc7+ Kf8 34. Rf3+ 1-0

[Event "V C.to Unione Europea"]
[Site "Arvier ITA"]
[Date "2010.09.09"]
[Round "6"]
[White "Bisi, Samuele"]
[Black "Brunello, Roberta"]
[Result "0-1"]
[WhiteElo "1829"]
[BlackElo "2066"]
[PlyCount "76"]
[EventDate "2010.09.04"]

1. d4 d5 2. Nf3 Nf6 3. c4 e6 4. Nc3 Be7 5. Bg5 Nbd7 6. e3 O-O 7. Rc1 c6 8. Bd3
dxc4 9. Bxc4 Nd5 10. Bxe7 Qxe7 11. O-O Nxc3 12. bxc3 e5 13. Nd2 b6 14. e4 Nf6
15. f3 Rd8 16. Nb3 a5 17. Rf2 a4 18. Na1 b5 19. Bf1 b4 20. Rd2 bxc3 21. Rxc3
exd4 22. Rxd4 Rxd4 23. Qxd4 Be6 24. Qf2 Qb4 25. Qc2 Bxa2 26. Rxc6 Be6 27. Qd1
a3 28. Ra6 Rc8 29. Nc2 Qb3 30. Rc6 Rb8 31. Rd6 h6 32. Rd8+ Kh7 33. Rxb8 Qxb8
34. Qd3 a2 35. e5+ g6 36. exf6 Bf5 37. Qc4 Qa7+ 38. Kh1 Bxc2 0-1

[Event "V C.to Unione Europea"]
[Site "Arvier ITA"]
[Date "2010.09.09"]
[Round "6"]
[White "Caprio, Guido"]
[Black "Cafolla, Peter"]
[Result "1-0"]
[WhiteElo "2265"]
[BlackElo "2088"]
[PlyCount "81"]
[EventDate "2010.09.04"]

1. d4 d5 2. c4 e6 3. Nf3 c5 4. cxd5 exd5 5. g3 Nc6 6. Bg2 Nf6 7. O-O Be7 8. Nc3
O-O 9. Bg5 cxd4 10. Nxd4 Qb6 11. Be3 Qd8 12. Qa4 Bd7 13. Rfd1 Nb4 14. Qb3 a5
15. a4 Ra6 16. Nxd5 Nfxd5 17. Bxd5 Nxd5 18. Qxd5 Rd6 19. Qxb7 Bf6 20. Nb5 Bc6
21. Rxd6 Bxb7 22. Rxd8 Rxd8 23. Bb6 Rd2 24. Bxa5 Rxb2 25. Bc3 Rxe2 26. Bxf6
gxf6 27. a5 Re6 28. Nd4 Re4 29. Nb5 Re6 30. Nd4 Re4 31. Nf5 Re5 32. Ne3 Re6 33.
Rb1 Be4 34. Rb6 Re5 35. Ng4 Re7 36. Nxf6+ Kg7 37. Nxe4 Rxe4 38. h3 Ra4 39. Rb5
f6 40. g4 Kg6 41. Rf5 1-0

[Event "V C.to Unione Europea"]
[Site "Arvier ITA"]
[Date "2010.09.09"]
[Round "6"]
[White "Fox, Anthony"]
[Black "De Leeuw, Johannes"]
[Result "1-0"]
[WhiteElo "2130"]
[BlackElo "1882"]
[PlyCount "73"]
[EventDate "2010.09.04"]

1. e4 e5 2. Nf3 Nc6 3. Bb5 a6 4. Ba4 Be7 5. O-O b5 6. Bb3 Nf6 7. Re1 O-O 8. h3
d6 9. c3 Na5 10. Bc2 c5 11. d4 Nc6 12. Nbd2 Ne8 13. Nf1 Bf6 14. dxc5 dxc5 15.
Qe2 Nc7 16. a4 Be6 17. Ne3 Ne7 18. Rd1 Qc8 19. Nd5 Nexd5 20. exd5 Bf5 21. d6
Bxc2 22. Qxc2 Ne6 23. Qe4 bxa4 24. Rxa4 Qd7 25. Ra3 Nc7 26. c4 Rfe8 27. Rad3
Ne6 28. Nxe5 Bxe5 29. Qxe5 Rab8 30. Rg3 g6 31. Bh6 Qa4 32. b3 Rxb3 33. d7 Rd8
34. Rxb3 Qxb3 35. Rd6 Qb1+ 36. Kh2 Qf5 37. Rxe6 1-0

[Event "V C.to Unione Europea"]
[Site "Arvier ITA"]
[Date "2010.09.09"]
[Round "6"]
[White "Gallucci, Alessio"]
[Black "Delaney, John"]
[Result "1-0"]
[WhiteElo "2144"]
[BlackElo "2220"]
[PlyCount "63"]
[EventDate "2010.09.04"]

1. e4 c5 2. Nf3 e6 3. d4 cxd4 4. Nxd4 Nc6 5. Nb5 d6 6. Bf4 e5 7. Bg5 Qxg5 8.
Nc7+ Kd8 9. Nxa8 b6 10. h4 Qh6 11. Nc3 Bb7 12. Nxb6 axb6 13. Qd5 Nf6 14. Qb5
Nd7 15. Nd5 Nd4 16. Qc4 Nc5 17. a4 Be7 18. b4 Bxd5 19. Qxd5 Nxc2+ 20. Kd1 Nxa1
21. Qa8+ Kc7 22. Qa7+ Nb7 23. Rh3 d5 24. Rc3+ Qc6 25. Rxc6+ Kxc6 26. b5+ Kc7
27. a5 Bc5 28. a6 Rb8 29. axb7 Nb3 30. Qa2 Nd4 31. Qxd5 Rd8 32. Qxd8+ 1-0

[Event "V C.to Unione Europea"]
[Site "Arvier ITA"]
[Date "2010.09.09"]
[Round "6"]
[White "Grant, Jonathan I.M."]
[Black "Messina, Roberta"]
[Result "1-0"]
[WhiteElo "2210"]
[BlackElo "1890"]
[PlyCount "57"]
[EventDate "2010.09.04"]

1. c4 e5 2. g3 Nf6 3. Bg2 d5 4. cxd5 Nxd5 5. Nf3 Nc6 6. Nc3 Nb6 7. O-O Be7 8.
d3 O-O 9. a3 Be6 10. b4 a5 11. b5 Na7 12. Bb2 Rb8 13. Nxe5 Bf6 14. Ne4 Bxe5 15.
Bxe5 f6 16. Bc3 Nxb5 17. Bxa5 Nd5 18. Qa4 Qe8 19. Bb4 Nd4 20. Qd1 Bg4 21. Re1
Qh5 22. Bxf8 Nxe2+ 23. Rxe2 Bxe2 24. Qb3 Kxf8 25. Nc5 Nb6 26. Ne6+ Ke7 27. Nf4
Qe5 28. Re1 Kf8 29. Rxe2 1-0

[Event "V C.to Unione Europea"]
[Site "Arvier ITA"]
[Date "2010.09.09"]
[Round "6"]
[White "Jaracz, Pawel"]
[Black "Agrest, Evgenij"]
[Result "1/2-1/2"]
[WhiteElo "2543"]
[BlackElo "2585"]
[PlyCount "33"]
[EventDate "2010.09.04"]

1. e4 c6 2. c4 d5 3. cxd5 cxd5 4. exd5 Nf6 5. Nc3 Nxd5 6. Nf3 Nc6 7. Bb5 Nxc3
8. bxc3 Qd5 9. Qe2 Bg4 10. Bc4 Qf5 11. d4 Bxf3 12. gxf3 a6 13. Qe4 Qxe4+ 14.
fxe4 Rc8 15. Be2 e5 16. Be3 Bd6 17. Rb1 1/2-1/2

[Event "V C.to Unione Europea"]
[Site "Arvier ITA"]
[Date "2010.09.09"]
[Round "6"]
[White "Llanes Hurtado, Miguel"]
[Black "Brunello, Sabino"]
[Result "1/2-1/2"]
[WhiteElo "2474"]
[BlackElo "2497"]
[PlyCount "25"]
[EventDate "2010.09.04"]

1. d4 Nf6 2. c4 e6 3. Nf3 b6 4. g3 Bb7 5. Bg2 Be7 6. Nc3 O-O 7. Qc2 Na6 8. O-O
d5 9. Ne5 c5 10. dxc5 Nxc5 11. cxd5 Nxd5 12. Nxd5 exd5 13. b4 1/2-1/2

[Event "V C.to Unione Europea"]
[Site "Arvier ITA"]
[Date "2010.09.09"]
[Round "6"]
[White "Melone, Antonio"]
[Black "Frank, Albert"]
[Result "1-0"]
[WhiteElo "2016"]
[BlackElo "1923"]
[PlyCount "63"]
[EventDate "2010.09.04"]

1. d4 c5 2. d5 e5 3. e4 d6 4. c4 Be7 5. Nf3 Nf6 6. Nbd2 O-O 7. Be2 a6 8. O-O b5
9. Ne1 Nbd7 10. g3 Rb8 11. a4 Ne8 12. f4 exf4 13. gxf4 Bf6 14. Nef3 Nc7 15. Bd3
Re8 16. e5 dxe5 17. Ne4 exf4 18. Bxf4 Ne5 19. Nxf6+ gxf6 20. Nxe5 fxe5 21.
Bxh7+ Kg7 22. Qh5 exf4 23. Rxf4 Qe7 24. Ra3 Rh8 25. Rg3+ Kf8 26. Qh6+ Ke8 27.
d6 Qe6 28. Qg7 Rxh7 29. Qxh7 Qe1+ 30. Rf1 Qe6 31. Rg8+ Kd7 32. Rxf7+ 1-0

[Event "V C.to Unione Europea"]
[Site "Arvier ITA"]
[Date "2010.09.09"]
[Round "6"]
[White "Ortega, Lexy"]
[Black "Yeuillaz, Corrado"]
[Result "1-0"]
[WhiteElo "2473"]
[BlackElo "2227"]
[PlyCount "85"]
[EventDate "2010.09.04"]

1. d4 g6 2. e4 Bg7 3. Nf3 d6 4. Nc3 c6 5. Be3 Nf6 6. Qd2 Qa5 7. Bd3 Bg4 8. e5
dxe5 9. Nxe5 Nbd7 10. Nc4 Qd8 11. O-O Be6 12. Ne2 Bxc4 13. Bxc4 O-O 14. h3 Ne4
15. Qb4 Nd6 16. Bd3 Nf6 17. c4 a5 18. Qb3 b5 19. Qc2 bxc4 20. Bxc4 Nxc4 21.
Qxc4 Qb6 22. b3 Nd5 23. Rac1 Rac8 24. Bd2 e6 25. Rfe1 Rfe8 26. Qc5 Qa6 27. Qxa5
Qd3 28. Nf4 Qxd4 29. Rc4 Qb2 30. Nd3 Qf6 31. Bc1 Ra8 32. Qd2 Qa1 33. Ba3 Bc3
34. Rxa1 Bxd2 35. Bb2 Rec8 36. Ne5 Ra6 37. a3 Bh6 38. b4 Bg7 39. b5 Rb6 40. a4
Rcb8 41. Rxc6 Rxc6 42. Nxc6 Bxb2 43. Rb1 1-0

[Event "V C.to Unione Europea"]
[Site "Arvier ITA"]
[Date "2010.09.09"]
[Round "6"]
[White "Pepino, Enrico"]
[Black "Calzetta Ruiz, Monica"]
[Result "1/2-1/2"]
[WhiteElo "2205"]
[BlackElo "2280"]
[PlyCount "101"]
[EventDate "2010.09.04"]

1. e4 c5 2. Nf3 d6 3. d4 cxd4 4. Nxd4 Nf6 5. Nc3 g6 6. Bc4 Bg7 7. h3 O-O 8. Bb3
b6 9. O-O Bb7 10. Re1 Nbd7 11. Nd5 e6 12. Nxf6+ Nxf6 13. Bg5 h6 14. Bxf6 Qxf6
15. c3 Rfd8 16. Qe2 Rac8 17. Rad1 Rc5 18. Nf3 Qe7 19. Rd2 b5 20. Red1 a5 21.
Qe3 Qc7 22. a3 b4 23. cxb4 axb4 24. axb4 Rb5 25. e5 d5 26. Rd4 Qb6 27. Qd2 Bf8
28. Ba4 Rxb4 29. Rxb4 Qxb4 30. Qxb4 Bxb4 31. Ne1 Ra8 32. b3 Bc3 33. f4 d4 34.
Kf2 Be4 35. Nd3 Rc8 36. Bb5 Bd5 37. Bc4 Bxc4 38. bxc4 Rxc4 39. Kf3 Ra4 40. Nc5
Ra3 41. Rd3 Kg7 42. g4 Ra1 43. Kg2 Ra2+ 44. Kf3 Rh2 45. Kg3 Rc2 46. Ne4 h5 47.
gxh5 gxh5 48. Kf3 Kg6 49. Rd1 Bb2 50. Rg1+ Kh6 51. Nf6 1/2-1/2

[Event "V C.to Unione Europea"]
[Site "Arvier ITA"]
[Date "2010.09.09"]
[Round "6"]
[White "Pierantoni, Mauro"]
[Black "Dritsakos, Alessio"]
[Result "0-1"]
[WhiteElo "1866"]
[BlackElo "1971"]
[PlyCount "88"]
[EventDate "2010.09.04"]

1. c4 e6 2. Nc3 d5 3. d4 c6 4. c5 b6 5. b4 a5 6. Na4 Nd7 7. a3 axb4 8. axb4 b5
9. Bf4 bxa4 10. Rxa4 Bb7 11. e3 g5 12. Bg3 Bg7 13. b5 Ne7 14. Qb3 O-O 15. b6
Nxb6 16. Rxa8 Qxa8 17. cxb6 Qa1+ 18. Qd1 Qa5+ 19. Qd2 Qxb6 20. Bd3 Ra8 21. Ne2
Ra1+ 22. Nc1 Ba6 23. O-O Nf5 24. Bxa6 Qxa6 25. Nd3 Rxf1+ 26. Kxf1 Bf8 27. Ke1
Qa1+ 28. Qc1 Qxc1+ 29. Nxc1 Nxg3 30. hxg3 c5 31. dxc5 Bxc5 32. Nb3 Bb6 33. Kd2
g4 34. Nc1 Bc5 35. Nd3 Bd6 36. Ne1 Kf8 37. Nc2 Bc5 38. Na1 Ke7 39. Nb3 Kd6 40.
Kd3 e5 41. f4 e4+ 42. Kc3 Bxe3 43. Nd2 d4+ 44. Kc2 d3+ 0-1

[Event "V C.to Unione Europea"]
[Site "Arvier ITA"]
[Date "2010.09.09"]
[Round "6"]
[White "Renzini, Lorenzo"]
[Black "Mazzetta, Renato"]
[Result "0-1"]
[WhiteElo "1751"]
[BlackElo "1920"]
[PlyCount "142"]
[EventDate "2010.09.04"]

1. c4 e5 2. Nc3 d6 3. g3 g6 4. Bg2 Bg7 5. Nf3 Nc6 6. O-O Nge7 7. d3 h6 8. Rb1
Be6 9. b4 Qd7 10. Re1 O-O 11. b5 Nd8 12. a4 f5 13. e3 g5 14. Bb2 Ng6 15. Rf1 f4
16. exf4 gxf4 17. Ne4 Bg4 18. Qb3 Qf7 19. Ned2 Ne6 20. Rbe1 Nc5 21. Qa3 a6 22.
d4 exd4 23. Bxd4 axb5 24. cxb5 Rxa4 25. Qc3 Bxd4 26. Nxd4 Qg7 27. N2b3 f3 28.
Bh1 Kh8 29. Re3 Nxb3 30. Nxb3 Qxc3 31. Rxc3 Rb4 32. Nd2 Ne5 33. Re1 Rxb5 34.
Rxc7 Rb2 35. Nf1 b5 36. Ra1 Kg8 37. Ne3 h5 38. Nd1 Rd2 39. Rb7 Bd7 40. Ne3 Bc6
41. Re7 Rf7 42. Re6 Kg7 43. Rd1 Rxd1+ 44. Nxd1 Nc4 45. h4 Ra7 46. Ne3 Nxe3 47.
Rxe3 Rf7 48. Rc3 Bb7 49. Rd3 Rf6 50. Rb3 Bc6 51. Rc3 Be4 52. Rb3 Rf5 53. Rb4
Bc6 54. Rd4 Rf6 55. Rd3 Kf7 56. Kh2 Ke7 57. Kh3 Bd7+ 58. Kh2 Bg4 59. Rb3 Rf5
60. Kg1 Kd7 61. Kf1 Kc6 62. Ke1 Kc5 63. Kd2 b4 64. Re3 d5 65. Kc2 Kd4 66. Rd3+
Kc4 67. Re3 Rf8 68. Kb2 d4 69. Re4 Kd3 70. Re1 Rc8 71. Kb3 Rc2 0-1

[Event "V C.to Unione Europea"]
[Site "Arvier ITA"]
[Date "2010.09.09"]
[Round "6"]
[White "Ricci, Marco"]
[Black "Brunello, Marina"]
[Result "1/2-1/2"]
[WhiteElo "2081"]
[BlackElo "2212"]
[PlyCount "98"]
[EventDate "2010.09.04"]

1. e4 c5 2. Nf3 d6 3. d4 cxd4 4. Qxd4 a6 5. c4 Nc6 6. Qd2 Nf6 7. Nc3 e6 8. b3
Be7 9. Bb2 O-O 10. Be2 b6 11. O-O Bb7 12. Rad1 Qc7 13. Nd4 Rfe8 14. Nc2 Rad8
15. Ne3 Nb8 16. Qc2 Nbd7 17. Bd3 Ne5 18. Rfe1 Ng6 19. Be2 Qb8 20. Bf3 Ne5 21.
Qe2 Qa8 22. Ng4 Nfxg4 23. Bxg4 f5 24. Bh3 Bf6 25. exf5 exf5 26. Nd5 Bxd5 27.
cxd5 Qc8 28. Rc1 Qd7 29. Qc2 g6 30. f4 Nd3 31. Qxd3 Bxb2 32. Rb1 Bg7 33. g3 b5
34. Kh1 b4 35. Bg2 Kh8 36. Re2 Bc3 37. Qxa6 Rxe2 38. Qxe2 Re8 39. Qd3 Qc7 40.
Rc1 Qa7 41. a4 Qf2 42. Rf1 Qa2 43. Qb1 Qd2 44. Qd1 Qe3 45. Qf3 Qa7 46. Qd3 Re3
47. Qc4 h5 48. Bf3 Be1 49. Kg2 Bc3 1/2-1/2

[Event "V C.to Unione Europea"]
[Site "Arvier ITA"]
[Date "2010.09.09"]
[Round "6"]
[White "Schmid, Pablo"]
[Black "Montani, Riccardo"]
[Result "1-0"]
[WhiteElo "2087"]
[BlackElo "1893"]
[PlyCount "79"]
[EventDate "2010.09.04"]

1. e4 c5 2. Nf3 d6 3. d4 cxd4 4. Nxd4 Nf6 5. Nc3 g6 6. Bc4 Bg7 7. O-O Nc6 8.
Bb3 O-O 9. h3 Bd7 10. Re1 Nxd4 11. Qxd4 b5 12. a3 a5 13. Qd3 Rb8 14. Bg5 Re8
15. Ne2 Be6 16. Bxe6 fxe6 17. Qb3 Qc8 18. Nf4 Qc4 19. Nxe6 Qxb3 20. cxb3 Nd7
21. Nxg7 Kxg7 22. Bd2 Nc5 23. Bxa5 Nxb3 24. Bc3+ Kf7 25. Rad1 Rec8 26. e5 dxe5
27. Rxe5 Rc5 28. Re3 Rb7 29. Rde1 Rcc7 30. Be5 Rc1 31. Rxc1 Nxc1 32. Kf1 Rd7
33. Ke1 Nd3+ 34. Ke2 Nxe5 35. Rxe5 Rb7 36. Kd2 b4 37. a4 Rd7+ 38. Kc2 b3+ 39.
Kxb3 Rd2 40. Re3 1-0

[Event "V C.to Unione Europea"]
[Site "Arvier ITA"]
[Date "2010.09.09"]
[Round "6"]
[White "Valenti, Giuseppe"]
[Black "Moncelli, Giorgio"]
[Result "1-0"]
[WhiteElo "2162"]
[BlackElo "2089"]
[PlyCount "95"]
[EventDate "2010.09.04"]

1. e4 c6 2. Nf3 d5 3. Nc3 dxe4 4. Nxe4 Nd7 5. Bc4 Ngf6 6. Neg5 e6 7. Qe2 Nb6 8.
Bb3 h6 9. Nh3 Bd6 10. d4 Qc7 11. c3 Nbd7 12. g3 b6 13. Nf4 O-O 14. O-O Bb7 15.
Re1 Rfe8 16. Ne5 Nd5 17. Nh5 N7f6 18. c4 Nxh5 19. cxd5 Nf6 20. dxe6 fxe6 21.
Ng4 Nxg4 22. Bxe6+ Kh8 23. Qxg4 c5 24. Be3 cxd4 25. Bxd4 Bc6 26. Be5 Qe7 27.
Re2 Qg5 28. Qxg5 hxg5 29. Bc3 Re7 30. Bg4 Rxe2 31. Bxe2 Re8 32. Re1 Rf8 33. Rf1
Re8 34. Bh5 Rf8 35. b4 Be7 36. Re1 Bf6 37. Bxf6 Rxf6 38. Re7 Bd5 39. Rxa7 Rc6
40. Kf1 Rc1+ 41. Ke2 Rc2+ 42. Ke3 Rxa2 43. Rxa2 Bxa2 44. Bg6 Kg8 45. Kd4 Be6
46. Ke5 Bg4 47. Kd6 Be2 48. Kc7 1-0

[Event "V C.to Unione Europea"]
[Site "Arvier ITA"]
[Date "2010.09.09"]
[Round "6"]
[White "Vozza, Nicola"]
[Black "Marguerettaz, Davy"]
[Result "0-1"]
[WhiteElo "1911"]
[BlackElo "2116"]
[PlyCount "74"]
[EventDate "2010.09.04"]

1. d4 d5 2. Bg5 h6 3. Bh4 c6 4. Nf3 Qb6 5. b3 Bf5 6. e3 Nd7 7. Bd3 e6 8. O-O
Ngf6 9. Bg3 Ne4 10. Bxe4 dxe4 11. Nfd2 Nf6 12. Nc4 Qd8 13. a3 h5 14. Nc3 h4 15.
Be5 Nd5 16. Nxe4 Bxe4 17. f3 Bg6 18. e4 Nb6 19. Re1 Nxc4 20. bxc4 f6 21. Bf4 e5
22. dxe5 Qxd1 23. Rexd1 Bc5+ 24. Kh1 Rd8 25. exf6 Rxd1+ 26. Rxd1 gxf6 27. Bd6
Bxd6 28. Rxd6 Ke7 29. c5 Rd8 30. Rxd8 Kxd8 31. g4 hxg3 32. hxg3 Ke7 33. g4 Ke6
34. Kg2 Ke5 35. c3 Kf4 36. Kf2 Bf7 37. Kg2 Bb3 0-1